|
|
|
|
| LEADER |
01454nam a22002657a 4500 |
| 001 |
AAL1218 |
| 003 |
BD-DhAAL |
| 005 |
20160324113755.0 |
| 008 |
160324s 1998bg a|||| |||| 00| 0 ben d |
| 040 |
|
|
|a BD-DhAAL
|c BD-DhAAL
|
| 082 |
|
|
|a 363.7/003
|
| 245 |
|
|
|a পরিবেশ শব্দকোষ /
|c সম্পাদনা পরিষদ আইনুন নিশাত, মাহফুজ উল্লাহ, একে এনামুল হক, মনিরুজ্জামান খান
|
| 260 |
|
|
|a ঢাকা :
|b সেন্টার ফর সাসটেইনেবল ডেভলপমেন্ট,
|c ১৯৯৮
|
| 300 |
|
|
|a ২০৯ পৃ. :
|b চিত্র ;
|c ২২ সে.মি.
|
| 541 |
|
|
|e 1218
|
| 650 |
|
|
|a Environmental sciences
|v Dictionaries
|9 18778
|
| 700 |
|
|
|a নিশাত, আইনুন
|9 18779
|
| 700 |
|
|
|a উল্লাহ, মাহফুজ
|9 18780
|
| 700 |
|
|
|a হক, একে এনামুল
|9 18781
|
| 700 |
|
|
|a খান, মনিরুজ্জামান
|9 18782
|
| 852 |
|
|
|a Savar Campus Library
|c General Shelf
|
| 942 |
|
|
|2 ddc
|c BK
|
| 999 |
|
|
|c 37218
|d 37218
|
| 952 |
|
|
|0 0
|1 0
|2 ddc
|4 0
|6 363_700000000000000_003_POR
|7 0
|9 58507
|a SCL
|b SCL
|c GEN
|d 2016-03-24
|g 225.00
|l 0
|o 363.7003 POR
|p 3020001218
|r 2016-03-24
|t 1
|w 2016-03-24
|y BK
|
| 952 |
|
|
|0 0
|1 0
|2 ddc
|4 0
|6 363_700000000000000_003_POR
|7 0
|9 58508
|a SCL
|b SCL
|c GEN
|d 2016-03-24
|g 225.00
|l 0
|o 363.7003 POR
|p 3020001172
|r 2016-03-24
|t 2
|w 2016-03-24
|y BK
|